000 00472nam a2200169Ia 4500
008 220216s9999 xx 000 0 und d
100 _aJoseph R.[a]
245 0 _aPolymer solvent interaction parameter for NR/SBR and NR/BR blends
260 _bInternational Journal of Polymeric Materials
_c1987
300 _a29-34
650 _aNR/BR blend
650 _aPolymer solvent
700 _aFrancis D.J.
700 _aGeorge K.E.
700 _aThomas K.T.
942 _cBS
999 _c50803
_d50803